| 000 | 00550nam a22002177a 4500 | ||
|---|---|---|---|
| 999 |
_c8527 _d8527 |
||
| 001 | 8527 | ||
| 003 | BD-JhCC | ||
| 005 | 20180321172844.0 | ||
| 008 | 180226s1953 unk|||| |||| 00|10 ee d | ||
| 035 | _a(BD-JhCC) 8527 | ||
| 040 |
_aBD-JhCC _dBD-JhCC |
||
| 041 | _aeng | ||
| 082 |
_a820.9 _bWAR 1953 |
||
| 100 | _aWard, A. C | ||
| 245 |
_aIllustrated History of English Literature / _bA. C. Ward |
||
| 260 |
_aLondon; _bLongmans _cWAR 1953 |
||
| 300 |
_a244. p : _bIll _c21 cm |
||
| 650 | _aEnglish Literatuer | ||
| 942 |
_2ddc _cBK |
||